000 00674nam a2200241Ia 4500
005 20260121112625.0
008 7477 260114s9999 xx 000 0 eng d
020 _a9789812709769
037 _aEBOOK
040 _aCRL
_beng
_cCRL
041 _aeng
_2eng
084 _qCRL
100 _aCattani Carlo Et Al
_9960577
245 0 _aWavelet and Wave Analysis As Applied to Materials with Micro Or Nanostructure
260 _bWorld Scientific
260 _bWSPC
260 _c2007
650 _aMathematics
_9960578
856 _uhttps://www.worldscientific.com/worldscibooks/10.1142/6497#t=toc
942 _cEBOOK
999 _c1544777
_d1544777